000 00716nam a22002297a 4500
003 UA-OsUOA
001 68582
007 ta
008 20100506b un ||||| |||| 00| 0 ukr d
100 _aМельник С.
700 _aШевчук М.
090 _a907
_bМ48
942 _cSA
040 _aUA-OsUOA
_bukr
_cUA-OsUOA
_dUA-OsUOA
245 _aОдеса говорила про Україну ХХІ століття. Студенти академії повернулися після зустрічі з Острозьким клубом
300 _aС.3
955 _a0
041 _aukr
080 _a907
773 0 _w68581
650 7 _a9 Географія. Біографії. Історія
_2UDC
999 _c354838
_d354838